banner koha

Desempenho de híbridos simples de milho no nordeste brasileiro: safra 2008/2009 (Registro n. 297423)

MARC details
000 -LÍDER
campo de controle de tamanho fixo 01582nac a22005297a 4500
001 - NÚMERO DE CONTROLE
campo de controle BR2010005536
003 - IDENTIFICADOR DO NÚMERO DE CONTROLE
campo de controle BR-BrBNA
005 - DATA E HORÁRIO DA ÚLTIMA TRANSAÇÃO
campo de controle 20240105123905.0
008 - CAMPO DE DADOS FIXOS--INFORMAÇÃO GERAL
campo de controle de tamanho fixo 230509b bl.|||m| |||| 00| 0 por d
040 ## - FONTE DA CATALOGAÇÃO
Instituição da catalogação original BR-BrBNA
Idioma da catalogação por
Instituição que transcreveu o registro Biblioteca Nacional de Agricultura
072 ## - CÓDIGO DE CATEGORIA DE ASSUNTO
Código de Categoria de Assunto F30
090 ## - NÚMERO DE CHAMADA LOCAL
Número de chamada F30 BR2010005536
100 1# - ENTRADA PRINCIPAL--NOME PESSOAL
Nome pessoal Carvalho, H.W.L. de
100 1# - ENTRADA PRINCIPAL--NOME PESSOAL
Nome pessoal Pacheco, C.A.P.
100 1# - ENTRADA PRINCIPAL--NOME PESSOAL
Nome pessoal Cardoso, M.J.
100 1# - ENTRADA PRINCIPAL--NOME PESSOAL
Nome pessoal Rocha, L.M.P.
100 1# - ENTRADA PRINCIPAL--NOME PESSOAL
Nome pessoal Oliveira, I.R. de
100 1# - ENTRADA PRINCIPAL--NOME PESSOAL
Nome pessoal Tabosa, J.N.
100 1# - ENTRADA PRINCIPAL--NOME PESSOAL
Nome pessoal Lira, M.A.
100 1# - ENTRADA PRINCIPAL--NOME PESSOAL
Nome pessoal Oliveira, E.A.S.
100 1# - ENTRADA PRINCIPAL--NOME PESSOAL
Nome pessoal Almeida, M.R.M. de
100 1# - ENTRADA PRINCIPAL--NOME PESSOAL
Nome pessoal Macedo, J.J.G. de
100 1# - ENTRADA PRINCIPAL--NOME PESSOAL
Nome pessoal Nascimento, M.M.A. do
100 1# - ENTRADA PRINCIPAL--NOME PESSOAL
Nome pessoal Simplício, J.B.
100 1# - ENTRADA PRINCIPAL--NOME PESSOAL
Nome pessoal Coutinho, G.V.
100 1# - ENTRADA PRINCIPAL--NOME PESSOAL
Nome pessoal Brito, A.R. de M.B.
100 1# - ENTRADA PRINCIPAL--NOME PESSOAL
Nome pessoal Tavares, J.A.
100 1# - ENTRADA PRINCIPAL--NOME PESSOAL
Nome pessoal Tavares Filho, J.J.
100 1# - ENTRADA PRINCIPAL--NOME PESSOAL
Nome pessoal Feitosa, L.F.
100 1# - ENTRADA PRINCIPAL--NOME PESSOAL
Nome pessoal Rodrigues, C.S.
100 1# - ENTRADA PRINCIPAL--NOME PESSOAL
Nome pessoal Santos, M.L. dos
110 1# - ENTRADA PRINCIPAL--NOME CORPORATIVO
Nome corporativo ou nome da jurisdição EMBRAPA Tabuleiros Costeiros, Aracaju, SE (Brasil)
245 1# - TÍTULO
Título Desempenho de híbridos simples de milho no nordeste brasileiro: safra 2008/2009
260 3# - PUBLICAÇÃO, DISTRIBUIÇÃO, ETC.
Local de publicação, distribuição, etc. Aracaju, SE (Brasil):
Data da publicação, distribuição, etc. 2010.
300 ## - DESCRIÇÃO FÍSICA
Extensão 19 p.
490 ## - TÍTULO DA SÉRIE
Título da série Comunicado Técnico - EMBRAPA Tabuleiros Costeiros (Brazil)
Número do volume ou designação sequencial da série no.90
ISSN - International Standard Serial Number ISSN 1677-5635
500 ## - NOTA GERAL
Nota geral 14 tables
650 ## - ASSUNTO--TERMO TÓPICO
Cabeçalho tópico ou nome geográfico MILHO
650 ## - ASSUNTO--TERMO TÓPICO
Cabeçalho tópico ou nome geográfico VARIEDADE RESISTENTE
650 ## - ASSUNTO--TERMO TÓPICO
Cabeçalho tópico ou nome geográfico PRODUTIVIDADE
650 ## - ASSUNTO--TERMO TÓPICO
Cabeçalho tópico ou nome geográfico GRÃOS
650 ## - ASSUNTO--TERMO TÓPICO
Cabeçalho tópico ou nome geográfico RENDIMENTO
650 ## - ASSUNTO--TERMO TÓPICO
Cabeçalho tópico ou nome geográfico MÉTODO ESTATÍSTICO
650 ## - ASSUNTO--TERMO TÓPICO
Cabeçalho tópico ou nome geográfico CARACTERÍSTICAS AGRONÔMICAS
909 ## -
-- 202312
-- Lúcia Elande
-- 55
-- Lúcia Elande
942 ## - ELEMENTOS DE ENTRADA ADICIONADOS (KOHA)
Fonte da classificação ou esquema de arquivamento na estante Classificação AGRIS
Ocultar no OPAC Não
Tipo de material Koha Monografia Seriada
Exemplares
Situação do descarte Fonte da classificação ou esquema de arquivamento na estante Situação física Não pode ser emprestado Coleção Biblioteca de origem Biblioteca atual Localização na estante Total de empréstimos Número de telefone completo Código de barras Data de último acesso Tipo de material Koha Fonte de aquisição
  Classificação AGRIS       Biblioteca Nacional de Agricultura - Binagri Biblioteca Nacional de Agricultura - Binagri Agrobase - Acervo Geral   F30 BR2010005536 F30 BR2010005536 18/12/2023 Monografia Seriada Portaria Interministerial nº 164/94

BINAGRI

Telefone: (61)3218-2567/2388/3357/2097 - binagri@agro.gov.br

Ministério da Agricultura e Pecuária , Esplanada dos Ministérios, Bloco D, Anexo B, Brasília/DF, CEP: 70.043-900